<?xml version="1.0" encoding="UTF-8"?><?xml-stylesheet type="text/xsl" href="static/style.xsl"?><OAI-PMH xmlns="http://www.openarchives.org/OAI/2.0/" xmlns:xsi="http://www.w3.org/2001/XMLSchema-instance" xsi:schemaLocation="http://www.openarchives.org/OAI/2.0/ http://www.openarchives.org/OAI/2.0/OAI-PMH.xsd"><responseDate>2026-04-18T06:48:14Z</responseDate><request verb="GetRecord" identifier="oai:www.recercat.cat:2072/406634" metadataPrefix="marc">https://recercat.cat/oai/request</request><GetRecord><record><header><identifier>oai:recercat.cat:2072/406634</identifier><datestamp>2024-11-24T23:15:12Z</datestamp><setSpec>com_2072_98</setSpec><setSpec>col_2072_378192</setSpec></header><metadata><record xmlns="http://www.loc.gov/MARC21/slim" xmlns:dcterms="http://purl.org/dc/terms/" xmlns:xsi="http://www.w3.org/2001/XMLSchema-instance" xmlns:doc="http://www.lyncode.com/xoai" xsi:schemaLocation="http://www.loc.gov/MARC21/slim http://www.loc.gov/standards/marcxml/schema/MARC21slim.xsd">
   <leader>00925njm 22002777a 4500</leader>
   <datafield ind2=" " ind1=" " tag="042">
      <subfield code="a">dc</subfield>
   </datafield>
   <datafield ind2=" " ind1=" " tag="720">
      <subfield code="a">Sanyé Mengual, Esther</subfield>
      <subfield code="e">author</subfield>
   </datafield>
   <datafield ind2=" " ind1=" " tag="720">
      <subfield code="a">Pérez López, Paula</subfield>
      <subfield code="e">author</subfield>
   </datafield>
   <datafield ind2=" " ind1=" " tag="720">
      <subfield code="a">González García, Sara</subfield>
      <subfield code="e">author</subfield>
   </datafield>
   <datafield ind2=" " ind1=" " tag="720">
      <subfield code="a">García Lozano, Raúl</subfield>
      <subfield code="e">author</subfield>
   </datafield>
   <datafield ind2=" " ind1=" " tag="720">
      <subfield code="a">Feijoo Costa, Gumersindo</subfield>
      <subfield code="e">author</subfield>
   </datafield>
   <datafield ind2=" " ind1=" " tag="720">
      <subfield code="a">Moreira, Maria Teresa</subfield>
      <subfield code="e">author</subfield>
   </datafield>
   <datafield ind2=" " ind1=" " tag="720">
      <subfield code="a">Gabarrell Durany, Xavier</subfield>
      <subfield code="e">author</subfield>
   </datafield>
   <datafield ind2=" " ind1=" " tag="720">
      <subfield code="a">Rieradevall, Joan</subfield>
      <subfield code="e">author</subfield>
   </datafield>
   <datafield ind2=" " ind1=" " tag="260">
      <subfield code="c">2014</subfield>
   </datafield>
   <datafield ind2=" " ind1=" " tag="520">
      <subfield code="a">Sustainable manufacturing has increasingly included design for environment methodologies with the objective of improving the environmental performance of products over their entire life cycles. Current European Union (EU) directives on eco-design focus on the use phase of energy-related products (ErPs). However, the maintenance of various household non-ErPs is performed with ErPs; therefore, the environmental impacts of product maintenance have an important role in the life cycle of non-ErPs. This article presents two eco-design studies where the implementation of improvement strategies of the use and maintenance phase of products had relevant results. Furthermore, environmental communication-to-user strategies were important to ensure the commitment of users toward eco-efficient behaviors. First, a knife was eco-designed according to strategies which focused on materials, processing, maintenance, and communication to user. By applying eco-design in a cradle-to-consumer scope, improvements decreased the environmental impact of the eco-designed product by 30%. However, when considering the entire life cycle of the eco-designed product, environmental impacts could be reduced by up to 40% and even up to ≈93% (depending on the cleaning procedure) as a result of large improvements in the maintenance stage. Second, a woman's jacket was eco-designed following multifunctionality, recycled materials, and efficient maintenance strategies. The new Livingstone jacket reached environmental improvements between 32% and 52% in the indicators analyzed. In this case, maintenance contributed between 40% and 87% of the reduction. As shown in this study, maintenance behavior and communication-to-user strategies are crucial to the eco-design of different household products (traditional vs. flexible design) and their consideration in the design process can reduce their environmental impact by between 40% and 80%.</subfield>
   </datafield>
   <datafield tag="653" ind2=" " ind1=" ">
      <subfield code="a">Communication to user</subfield>
   </datafield>
   <datafield tag="653" ind2=" " ind1=" ">
      <subfield code="a">Eco-design</subfield>
   </datafield>
   <datafield tag="653" ind2=" " ind1=" ">
      <subfield code="a">Eco-efficiency</subfield>
   </datafield>
   <datafield tag="653" ind2=" " ind1=" ">
      <subfield code="a">Energy-related products</subfield>
   </datafield>
   <datafield tag="653" ind2=" " ind1=" ">
      <subfield code="a">ErPs</subfield>
   </datafield>
   <datafield tag="653" ind2=" " ind1=" ">
      <subfield code="a">Industrial ecology</subfield>
   </datafield>
   <datafield tag="653" ind2=" " ind1=" ">
      <subfield code="a">Innovation</subfield>
   </datafield>
   <datafield ind2="0" ind1="0" tag="245">
      <subfield code="a">Eco-designing the use phase of products in sustainable manufacturing : the importance of maintenance and communication-to-user strategies</subfield>
   </datafield>
</record></metadata></record></GetRecord></OAI-PMH>